Niekoľko poznámok k postaveniu dozornej rady v kapitálových obchodných spoločnostiach

Právne postavenie a pôsobnosť dozornej rady v spoločnosti s ručením obmedzeným a akciovej spoločnosti. Pôsobnosť dozornej rady. Spôsob kreovania dozornej rady.

Uložené v:
Podrobná bibliografia
Hlavný autor: Kubinec, Martin
Médium: Kapitola
Jazyk:Slovak
Predmet:
Tagy: Pridať tag
Žiadne tagy, Buďte prvý, kto otaguje tento záznam!

MARC

LEADER 00000naa$a2200000$$$4500
001 0042104
005 20231102091745.2
041 0 |a slo 
044 |a SK 
245 1 0 |a Niekoľko poznámok k postaveniu dozornej rady v kapitálových obchodných spoločnostiach  |c Martin Kubinec 
520 |a Právne postavenie a pôsobnosť dozornej rady v spoločnosti s ručením obmedzeným a akciovej spoločnosti. Pôsobnosť dozornej rady. Spôsob kreovania dozornej rady. 
610 2 0 |a rady dozorné 
610 2 0 |a spoločnosti kapitálové 
610 2 0 |a spoločnosti s r.o. 
610 2 0 |a spoločnosti obchodné 
610 2 0 |a legislatíva 
610 2 0 |a zákonník obchodný 
610 2 0 |a Slovensko 
100 1 |a Kubinec, Martin